=LDR 00000nam 2200000 4500 =001 INLIS000000000016462 =005 20130612111745 =008 ***********************************Ind** =035 ##$$0010-061300000016462 =041 ##$$a Ind =082 ##$$a 2x4.121 2 =090 ##$$a 2x4.121 2, Zar j =100 ##$$a Zarabozo, Jamalad-Din M =245 ##$$a Jum'at, sujud pilihan insan takwa, Jamaluddin M. Zarabozo =260 ##$$a 2003 $b Jakarta =300 ##$$a 231 hlm, 21 cm =650 ##$$a Shalat Jumat =850 ##$$a NBPNMAT